FAZY ROZGRYWEK MISTRZOSTW ŚWIATA - Statystyki

Ogólne statystyki
  • Ten quiz został rozwiązany 75 razy
  • Średni wynik to 4 z 5
Statystyki odpowiedzi
Odpowiedź % Poprawnych
ĆWIERĆFINAŁ
96%
FINAŁ
94%
PÓŁFINAŁ
94%
FAZA GRUPOWA
90%
ELIMINACJE
10%
Nie znaleziono quizów pasujących do podanych kryteriów
Rozkład punktacji
Procent ludzi z każdym wynikiem
Percentyl według liczby udzielonych odpowiedzi
Twoja historia wyników
Nie rozwiązałeś tego quizu